000 01690cam a2200457 i 4500
001 2828
005 20240116141313.0
020 _a9780545852661 (hardcover : alk. paper)
020 _z9780545852692 (ebook)
020 _z9781338148077
040 _aNJQ/DLC
_beng
_cNJQ
_erda
_dDLC
050 0 0 _aPZ7.1.S253
_bKy 2016
082 0 4 _a813.6
_aFic
_223
100 1 _aSalom, Susie
_eauthor.
245 1 0 _aKyle finds her way /
_cSusie Salom
250 _aFirst printing 2016
260 _aNew York :
_bScholastic,
_c2016
300 _a248 pages ;
_c20 cm
505 _aM
520 _aOn her first day in sixth grade Kyle Constantini punches a bully who is bothering Marcy, a deaf classmate--and so begins her tumultuous year at Georgia O'Keeffe Middle School, in a different school than her twin brother, with new friends, new enemies, and the regional NAVS competition to come.
521 _a750
_bLexile
521 _aM
_bRaz-Plus
650 0 _aMiddle schools
_vJuvenile fiction.
650 0 _aTwins
_vJuvenile fiction.
650 0 _aBrothers and sisters
_vJuvenile fiction.
650 0 _aFriendship
_vJuvenile fiction.
650 0 _aDeaf children
_vJuvenile fiction.
650 0 _aBullies
_vJuvenile fiction.
650 0 _aOrienteering
_vJuvenile fiction.
650 1 _aMiddle schools
_vFiction.
650 1 _aSchools
_vFiction.
650 1 _aTwins
_vFiction.
650 1 _aSiblings
_vFiction.
650 1 _aFriendship
_vFiction.
650 1 _aDeaf
_vFiction.
650 1 _aPeople with disabilities
_vFiction.
650 1 _aBullies and bullying
_vFiction.
650 1 _aOrienteering
_vFiction.
906 _a7
_bcbc
_corignew
_d1
_eecip
_f20
_gy-gencatlg
942 _2ddc
_cBK
_n0
999 _c2828
_d2828